| 000 | 00516nam a2200181 i 4500 | ||
|---|---|---|---|
| 001 | 17686 | ||
| 003 | ES-MaACL | ||
| 005 | 20230906151636.0 | ||
| 007 | t| | ||
| 008 | 010425s1991 sp |||| | spa d | ||
| 080 | _a061.236.3(460.16 Pamplona) | ||
| 110 | 2 |
_aAteneo Navarro. _92051 |
|
| 245 | 1 | 0 |
_aMemoria 1988-1991 / _cAteneo Navarro = Nafar Ateneoa. |
| 260 |
_a[Pamplona : _bAteneo Navarro, _c1991] |
||
| 300 |
_a48 p. ; _c21 cm. |
||
| 610 | 2 | 4 |
_aAteneo Navarro- _vMemorias. _9169118 |
| 852 |
_aES-MaACL _j2163-F-15 |
||
| 999 |
_c17686 _d17686 |
||